000 00676nam a2200277Ia 4500
005 20260324134828.0
008 008 260324s9999 xx 000 0 eng d
020 _a9780203995921
037 _aEBOOK
040 _aCRL
040 _beng
040 _cCRL
041 _2eng
041 _aeng
084 _qCRL
100 _aZofia H. Archibald; John Davies; Vincent Gabrielsen; Graham Oliver
_91198316
245 0 _aHellenistic Economies
260 _bTaylor and Francis
260 _c2001
365 _a
365 _b255
856 _uhttp://www.taylorfrancis.com/books/9780203995921
942 _cEBOOK
999 _c1798766
_d1798766